000 00605nam a2200253Ia 4500
005 20260121153911.0
008 008 260114s9999 xx 000 0 eng d
020 _a9781003377511
037 _aEBOOK
040 _aCRL
040 _beng
040 _cCRL
041 _2eng
041 _aeng
084 _qCRL
100 _a Umesh Ashok Kadam
_91000535
245 0 _aDeccan in Transition, 1600 to 1800
260 _bTaylor and Francis
260 _c2023
856 _uhttp://www.taylorfrancis.com/books/9781003377511
942 _cEBOOK
999 _c1567356
_d1567356